00740nam a2200193 a 450000100100000000500170001000800410002704000250006808200150009324501120010826000520022030000190027265000470029165000550033865000440039365000440043770000220048170000430050300000700720200929154037.0090904s1997 dr r 000 0 spa d aDO-SdBNPbspacBNPHU a510bM425b00aMatemática básica universitaria /cAgustin Guzmán ... [et al.] ; prólogo Ramón Aníbal Castro R. aSantiago de los Caballeros :bTeófilo,c1997. a2 v. ;c21 cm. 4aMatemáticasxProblemas, ejercicios, etc. 4aTeoría de conjuntosxProblemas, ejercicios, etc. 4aPolinomiosxProblemas, ejercicios, etc. 4aEcuacionesxProblemas, ejercicios, etc.1 aGuzmán, Agustin1 aCastro R. , Ramón Aníbal,epról.